National Conference on Surveying and Building Industry:Current Practice (1982 August 23-24:Shah Alam, Selangor) The role of valuers in national development in Malaysia/by Mohd Nawawi B. Hj. Arshad
| Format: | Book |
|---|
MARC
| LEADER | 00000cam a2200000 7i4500 | ||
|---|---|---|---|
| 001 | 0000006256 | ||
| 005 | 20000214.0 | ||
| 040 | |a INS | ||
| 090 | 0 | 0 | |a S1 |
| 245 | 0 | 0 | |a National Conference on Surveying and Building Industry:Current Practice (1982 August 23-24:Shah Alam, Selangor) The role of valuers in national development in Malaysia/by Mohd Nawawi B. Hj. Arshad |
| 999 | |a S000000014 |b BOOK |c Seminar |e Default branch | ||